000 00753nam a2200253Ia 4500
003 OSt
005 20220926034835.0
006 a|||||r|||| 00| 0
007 ta
008 220923b |||||||| |||| 00| 0 eng d
020 _a0899301215
037 _cGeneral Book
040 _aRTL
_cRTL
_beng
041 _2eng
_aeng
082 _aX9:84.(T4).73.N8, M6
100 _aReams Bernard D
_9341270
245 0 _aUniversity industry research partnerships
_b The maj
260 _aWestport
_bQuoram Books
_c1986
300 _ax, 354p
_ccm.
500 _aBibliography: P 327-48; Appendix: P 173-326
650 _aManagement
_930681
942 _hX9:84.(T4).73.N8, M6
_cGB
_2CC
999 _c660517
_d660517